00854cam a2200241 a 450000100100000000500170001000800410002702000150006804000230008308200200010624501620012626000400028830000210032849000140034950400410036360000560040465000200046065000220048070000290050270000390053170000270057083000150059700000810220200929154432.0960228s1996 flu b 000 j spa  a0897297903 aDO-SdBNPcDLCdDLC aCu863.44bA786n03aEl arte narrativo de Hilda Perera :bde Cuentos de Apolo a La noche de Ina /cLuis A. Jiménez y Ellen Lismore Leeder, editores, prólogo de Alicia Aldaya. aMiami, Florida :bUniversal,c1996. a180 p. ;c22 cm.1 aCaniquí aIncluye referencias bibliográficas14aPERERA, HILDA,d1926-xCRÍTICA E INTERPRETACIÓN 4aCuentos cubanos 4aLiteratura cubana1 aJiménez, Luis A.,eed.1 aLeeder, Ellen Lismore,d1931-eed.1 aAldaya, Alicia,eprol. 0aCaniquí.